01423nam a22002057a 4500003000900000008004100009040007100050082002200121245008200143260008100225300004600306440003800352505068800390650001501078650001501093650001301108650001001121700003101131710005501162AR-CdUCM190425b ||||| |||| 00| 0 spa d aMUNICIPALIDAD PROVINCIAL DEL CUSCOcBIBLIOTECA MUNICIPAL DEL CUSCO aCantua/N°12/2003 aRevista Cantua /cÓrgano del Centro de estudiantes de Ciencias Biológicas aCusco :bÓrgano del Centro de estudiantes de Ciencias Biológicas,c2003. a100 páginas. :bilustraciones ;c29 cm. aCantuanNúmero 12, año 2003. aContenido: En busca del Trifunus melancolicus, homenaje postumo al fundador del herbario Vargas-Cuz, al conmemorar el centenario de su nacimiento. -- César Vargas investigador y maestro. -- Biografía de JUlio César Vargas Calderón .-- Especies de la flora lomal en el afloramiento Geológico Cretácico Yuncaypata en Urubamba Cusco. -- Huacarpay relicto de bosque seco de valle interandino, inventario florístico de un ecosistema en peligro. -- Importancia de los humedales interandinos en las provincias de Quispicanchis, Calca y Urubamba. -- La biosfera del Manu. -- Cúpula de aire contaminado en la baja troposfera de la ciudad de Cusco. -- Plantas transgénicas... aBiología aEcología aInsectos aCusco aTupayachi Herrera, Alfredo aUniversidad Nacional de San Antonio Abad del Cusco